Irish Diaspora - Statistics

General Stats
  • This quiz has been taken 207 times
  • The average score is 13 of 16
Answer Stats
Amount Country % Correct
1,000,000+ United States
100%
100,000+ United Kingdom
98%
1,000,000+ Canada
97%
10,000+ France
97%
1,000,000+ Australia
94%
10,000+ Spain
92%
100,000+ New Zealand
89%
100,000+ Argentina
85%
10,000+ Brazil
82%
10,000+ Mexico
79%
1,000+ Portugal
75%
1,000+ Netherlands
74%
100,000+ Chile
73%
1,000+ Belgium
71%
1,000+ Sweden
62%
1,000+ Denmark
52%
No matching quizzes found
Score Distribution
Percent of People with Each Score
Percentile by Number Answered
Your Score History
You have not taken this quiz